| 000 | 02723nam a2200265 a 4500 | ||
|---|---|---|---|
| 001 | BRCA_8791 | ||
| 005 | 20190320210419.0 | ||
| 008 | 180417s1686----sp-#######---#000-0#spa-# | ||
| 041 | _aspa | ||
| 044 | _asp | ||
| 084 |
_aBE170 _b.B37 1686 |
||
| 100 | 1 |
_aBarcia y Zambrano, José de _d- 1695 _921917 |
|
| 245 | 1 | 0 |
_aQuaresma de sermones doctrinales, duplicados, para todos los Domingos, Miércoles y Viernes, y algunos otras Ferias, con remisiones copiosas al Despertador Christiano de sermones enteros los mismos días _btomo 1 _csu autor el Doct. D. Josef Barcia, y Zambrana... |
| 260 |
_aPerpiñan _bEn la Imprenta de Gregorio _c1686 |
||
| 300 |
_a476 p. (t.1) _c20.3 x 15 cm. |
||
| 500 | _aCon privilegio | ||
| 500 | _aEstado físico: presenta encuadernación en pergamino, con cintas rotas y algunas hojas dañadas | ||
| 500 | _aCon marca de fuego #1: “Procedencia de la marca: Convento de San Francisco de Querétaro(1). Institución: Orden de Frailes Menores. Provincia de San Pedro y San Pablo de Michoacán. Descripción: Tres iniciales separadas: ´C´, ´S´ y ´Q´ en cuya silueta se agregó el resto del texto: C[onvento] S[an Francisco] Q[uerétaro]. Luego el escudo franciscano de las 5 llagas inscrito en un círculo formado del cordón franciscano. Observaciones: Rafael Sala, Carlos Krausse y David Saavedra Vega la catalogan como perteneciente al Convento de San Francisco de Querétaro. Ubicación de la marca en el libro: Canto superior, inferior y fronta” | ||
| 500 | _aCon marca de fuego #2: “Procedencia de la marca: Convento de San Francisco Santa María del Pueblito de Querétaro(1). Institución: Orden de Frailes Menores. Provincia de San Pedro y San Pablo de Michoacán. Descripción: Monograma conformado por las iniciales “P”, “u”, “E” seguidas de “b”, “I”, “T” y “o” que se desata como Pueblito(2) dentro de un filete en forma de rombo. Observaciones: Krausse la incluye entre las marcas no identificadas. David Saavedra la identifica como del Convento Franciscano de Santa María del Pueblito, Villa Corregidora de Querétaro. Con el testimonio de pertenencia ubicado en este ejemplar se corrobora la atribución realizada por David Saavedra. Ubicación de la marca en el libro: Canto superior, inferior y lateral” | ||
| 650 | 1 | 4 |
_aSermones _921350 |
| 856 | _aMarca de fuego #1: http://www.marcasdefuego.buap.mx:8180/xmLibris/projects/firebrand/item.jsp?repository=marcas_de_fuego&key=d6defe3d.xml&num=14 | ||
| 856 | _aMarca de fuego #2: http://www.marcasdefuego.buap.mx:8180/xmLibris/projects/firebrand/item.jsp?repository=marcas_de_fuego&key=marcas_de_fuego_franciscanas_20150618135223_2ccc.xml&num=124 | ||
| 902 | _aCFM | ||
| 942 |
_2lcc _cB |
||
| 999 |
_c8442 _d8442 |
||